LDR 00896naa#a2200217#i#450# 001 EN\\bibl\123392 005 20260705215517.7 011 ## _a1994-4683 100 ## _a20230731b2023####ek#y0engy0150####ca 102 ## _aRU 200 1# _aTO THE PROBLEM OF PHYSICAL DEVELOPMENT AND FUNCTIONAL STATE OF CADETS THROUGH PERSONIFICATION WHEN DOSING MOTOR ACTIVITY _eJournal article 210 1# _aMoscow _cNational State University of Physical Education, Sports and Health named after P.F. Lesgaft _d2023 215 ## _a3 с. 608 ## _aJournal article _2local 675 ## _aВоспитание, обусловленное физиологическими воздействиями. 37.037.2 _z 700 #1 _aKovalev _gAleksandr Anatol'evich 700 #1 _aShayhullin _gTimur Damirovich 700 #1 _aErofeev _gV V 700 #1 _aVeretennikov _gI S 700 #1 _aLarin _gAleksandr Nikolaevich 856 4# _auchzapiski.lesgaft.spb.ru _u